000 00677nam a22002177a 4500
003 OSt
005 20260310234917.0
008 260310b |||||||| |||| 00| 0 eng d
020 _a978-0-448-09553-0
040 _aDWCL GS lib
_cOC
082 _2 K26s 1976
100 _aCAROLYN KEENE
245 _aThe sky phantom
_cCAROLYN KEENE
260 _aNew York
_bGrosset & Dunlap
_c1976
300 _avii, 180 pages:
_billustrations
_c19cm.
520 _a Nancy investigates a hijacked plane, a missing pilot, and a stolen horse while taking flying lessons in the Midwest.
546 _aEnglish
650 _2Investigation,
650 _2Plot
942 _2ddc
_cFIC.
_hFic.
_n0
999 _c8891
_d8891